000 00411cam a2200169 4500
001 D12726
008 090401t1963 xxu||||| |||| 00| 0 eng d
035 _a(Sirsi) u5321
041 _aeng
110 _aFIABCI
245 _aThirteenth international real estate congress Amsterdam 2-6 June 1962
260 _aParis
_bFIABCI
_c1963
350 _a0
520 _aShelf 179
942 _n0
948 _c04/03/1997
999 _c86158
_d86158